| 000 | 01146cam a22002778i 4500 | ||
|---|---|---|---|
| 003 | OSt | ||
| 005 | 20260701134702.0 | ||
| 008 | 231020s2024 nyu bf 001 0 eng | ||
| 020 |
_a9781032261348 _q(hbk) |
||
| 020 |
_a9781032261409 _q(pbk) |
||
| 020 |
_z9781003286721 _q(ebk) |
||
| 040 |
_aKABLIB _beng _erda _cKABLIB |
||
| 082 | 0 | 0 |
_a306.4 _223 _bROU |
| 245 | 0 | 0 |
_aRoutledge handbook on gender in tourism : _bviews on teaching, research and praxis / _cMagdalena Petronella (Nellie) Swart, Wenjie Cai, Elaine Chiao Ling Yang, and Albert Nsom Kimbu(editors) |
| 264 | 1 |
_aNew York : _bRoutledge, _cc2024. |
|
| 300 |
_axxi ,310p. : _bill , _c25cm. |
||
| 504 | _aIncludes bibliographical references, index. | ||
| 600 | _2 | ||
| 650 | 0 |
_aWomen in tourism. _915856 |
|
| 700 | 1 |
_aSwart, M. P. _q(Magdalena Petronella), _eeditor. _915857 |
|
| 700 | 1 |
_aCai, Wenjie, _eeditor. _915858 |
|
| 700 | 1 |
_aChiao Ling Yang, Elaine, _eeditor. _915859 |
|
| 700 | 1 |
_aKimbu, Albert N., _eeditor. _915860 |
|
| 776 | 0 | 8 |
_iOnline version: _tRoutledge handbook on gender in tourism _bFirst edition. _dNew York : Routledge, 2024 _z9781003286721 _w(DLC) 2023042880 |
| 942 |
_2ddc _cBOOK |
||
| 999 |
_c6237 _d6237 |
||